MARC details
| 000 -LEADER |
| campo de control de longitud fija |
01218nam a2200337Ia 4500 |
| 008 - DATOS DE LONGITUD FIJA--INFORMACIÓN GENERAL |
| campo de control de longitud fija |
260327s2008 sp 000 0 spa d |
| 041 ## - CÓDIGO DE IDIOMA |
| Código de lengua del texto/banda sonora o título independiente |
spa |
| 111 2# - ENTRADA PRINCIPAL--NOMBRE DE CONGRESO/REUNIÓN |
| Nombre de congreso/reunión o jurisdicción como elemento de entrada |
DIA INTERNACIONAL DE LOS TRABAJADORES |
| Fecha del congreso o de la firma del tratado |
2008 |
| 9 (RLIN) |
41417 |
| 245 10 - MENCIÓN DEL TÍTULO |
| Título |
Manifiesto del 1º de Mayo de 2008 |
| Resto del título |
: es el momento de la igualdad, el salario digno y la inversión productiva |
| Mención de responsabilidad, etc. |
/ CCOO de Aragón, UGT de Aragón |
| 260 ## - PUBLICACIÓN, DISTRIBUCIÓN, ETC. |
| Lugar de publicación, distribución, etc. |
[S.l. : |
| Nombre del editor, distribuidor, etc. |
s.n., |
| Fecha de publicación, distribución, etc. |
2008] |
| 300 ## - DESCRIPCIÓN FÍSICA |
| Extensión |
5 p. ; |
| Dimensiones |
30 cm |
| 650 #0 - PUNTO DE ACCESO ADICIONAL DE MATERIA--TÉRMINO DE MATERIA |
| Término de materia o nombre geográfico como elemento de entrada |
ACTITUD SINDICAL |
| 9 (RLIN) |
61 |
| 650 #0 - PUNTO DE ACCESO ADICIONAL DE MATERIA--TÉRMINO DE MATERIA |
| Término de materia o nombre geográfico como elemento de entrada |
SINDICALISMO |
| 9 (RLIN) |
189 |
| 650 #0 - PUNTO DE ACCESO ADICIONAL DE MATERIA--TÉRMINO DE MATERIA |
| Término de materia o nombre geográfico como elemento de entrada |
GLOBALIZACION ECONOMICA |
| 9 (RLIN) |
5433 |
| 650 #0 - PUNTO DE ACCESO ADICIONAL DE MATERIA--TÉRMINO DE MATERIA |
| Término de materia o nombre geográfico como elemento de entrada |
LUCHA CONTRA LA POBREZA |
| 9 (RLIN) |
6367 |
| 650 #0 - PUNTO DE ACCESO ADICIONAL DE MATERIA--TÉRMINO DE MATERIA |
| Término de materia o nombre geográfico como elemento de entrada |
RECESION ECONOMICA |
| 9 (RLIN) |
39 |
| 650 #0 - PUNTO DE ACCESO ADICIONAL DE MATERIA--TÉRMINO DE MATERIA |
| Término de materia o nombre geográfico como elemento de entrada |
CONFERENCIA |
| 9 (RLIN) |
311 |
| 650 #0 - PUNTO DE ACCESO ADICIONAL DE MATERIA--TÉRMINO DE MATERIA |
| Término de materia o nombre geográfico como elemento de entrada |
TRABAJO DECENTE |
| 9 (RLIN) |
20178 |
| 650 #0 - PUNTO DE ACCESO ADICIONAL DE MATERIA--TÉRMINO DE MATERIA |
| Término de materia o nombre geográfico como elemento de entrada |
MERCADO DE TRABAJO |
| 9 (RLIN) |
52 |
| 650 #0 - PUNTO DE ACCESO ADICIONAL DE MATERIA--TÉRMINO DE MATERIA |
| Término de materia o nombre geográfico como elemento de entrada |
DIALOGO SOCIAL |
| 9 (RLIN) |
13959 |
| 650 #0 - PUNTO DE ACCESO ADICIONAL DE MATERIA--TÉRMINO DE MATERIA |
| Término de materia o nombre geográfico como elemento de entrada |
PAZ |
| 9 (RLIN) |
2784 |
| 650 #0 - PUNTO DE ACCESO ADICIONAL DE MATERIA--TÉRMINO DE MATERIA |
| Término de materia o nombre geográfico como elemento de entrada |
MOVIMIENTO OBRERO |
| 9 (RLIN) |
970 |
| 650 #0 - PUNTO DE ACCESO ADICIONAL DE MATERIA--TÉRMINO DE MATERIA |
| Término de materia o nombre geográfico como elemento de entrada |
DERECHOS DE LOS TRABAJADORES |
| 9 (RLIN) |
4 |
| 650 #0 - PUNTO DE ACCESO ADICIONAL DE MATERIA--TÉRMINO DE MATERIA |
| Término de materia o nombre geográfico como elemento de entrada |
COHESION SOCIAL |
| 9 (RLIN) |
1548 |
| 650 #0 - PUNTO DE ACCESO ADICIONAL DE MATERIA--TÉRMINO DE MATERIA |
| Término de materia o nombre geográfico como elemento de entrada |
PAZ |
| 9 (RLIN) |
2784 |
| 650 #0 - PUNTO DE ACCESO ADICIONAL DE MATERIA--TÉRMINO DE MATERIA |
| Término de materia o nombre geográfico como elemento de entrada |
TERRORISMO |
| 9 (RLIN) |
7089 |
| 650 #0 - PUNTO DE ACCESO ADICIONAL DE MATERIA--TÉRMINO DE MATERIA |
| Término de materia o nombre geográfico como elemento de entrada |
IGUALDAD DE DERECHOS |
| 9 (RLIN) |
1832 |
| 650 #0 - PUNTO DE ACCESO ADICIONAL DE MATERIA--TÉRMINO DE MATERIA |
| Término de materia o nombre geográfico como elemento de entrada |
DIA INTERNACIONAL DE LOS TRABAJADORES |
| 9 (RLIN) |
39791 |
| 856 ## - LOCALIZACIÓN Y ACCESO ELECTRÓNICOS |
| Nota pública |
PDF |
| Identificador Uniforme de Recursos |
<a href="https://docpublicos.ccoo.es/cendoc/073333Manifiesto1MayoCCOO_2008.pdf">https://docpublicos.ccoo.es/cendoc/073333Manifiesto1MayoCCOO_2008.pdf</a> |
| 942 ## - ELEMENTOS DE ENTRADA SECUNDARIOS (KOHA) |
| Tipo de ítem Koha |
Documento Electrónico |
| Fuente del sistema de clasificación o colocación |
Clasificación Decimal Dewey |
| Suprimir en OPAC |
No |